[Event "FIN-ch Seniors 65"]
[Site "Helsinki"]
[Date "2022.04.22"]
[Round "8"]
[White "Smeds, Tom"]
[Black "Kivipelto, Kaj Erik"]
[Result "0-1"]
[WhiteElo "1847"]
[BlackElo "2113"]
[PlyCount "92"]
[EventDate "2022.04.15"]
[EventType "swiss"]
[EventRounds "9"]
[EventCountry "FIN"]
[SourceTitle "CBM 208 Extra"]
[Source "ChessBase"]
[SourceDate "2022.07.31"]
[SourceVersion "1"]
[SourceVersionDate "2022.07.31"]
[SourceQuality "1"]

1. Nf3 Nf6 2. g3 g6 3. b3 Bg7 4. Bb2 0-0 5. Bg2 d6 6. d4 c6 7. 0-0 Nbd7 8. c4 Qc7 9. Nc3 Re8 10. e3 e5 11. Qc2 Nf8 12. dxe5 dxe5 13. Rac1 Bf5 14. e4 Bd7 15. Qb1 Rad8 16. Rcd1 Nh5 17. Qa1 f6 18. Nh4 Bh6 19. h3 Ne6 20. Ne2 c5 21. Bf3 Nhg7 22. Bg4 Nd4 23. Nc3 f5 24. Nd5 Qd6 25. Bf3 fxe4 26. Bxe4 Bxh3 27. Rfe1 Rf8 28. Bc1 Bxc1 29. Qxc1 Bg4 30. f3 Bf5 31. Kg2 Rf7 32. Qh6 Bxe4 33. fxe4 Qe6 34. Rxd4 cxd4 35. Nf3 Rxf3 36. Kxf3 Rf8+ 37. Kg2 Qf7 38. Qd2 Qf3+ 39. Kh3 Qh5+ 40. Kg2 Qf3+ 41. Kh3 Ne6 42. Qh6 Rf7 43. Qd2 Kg7 44. b4 h6 45. c5 Ng5+ 46. Kh2 Qh5+ 0-1

[Event "FIN-ch Seniors 65"]
[Site "Helsinki"]
[Date "2022.04.21"]
[Round "7"]
[White "Kivipelto, Kaj Erik"]
[Black "Aakio, Seppo"]
[Result "1-0"]
[WhiteElo "2113"]
[BlackElo "2056"]
[PlyCount "71"]
[EventDate "2022.04.15"]
[EventType "swiss"]
[EventRounds "9"]
[EventCountry "FIN"]
[SourceTitle "CBM 208 Extra"]
[Source "ChessBase"]
[SourceDate "2022.07.31"]
[SourceVersion "1"]
[SourceVersionDate "2022.07.31"]
[SourceQuality "1"]

1. b3 d5 2. Bb2 c5 3. e3 e6 4. f4 Nc6 5. Bb5 Bd7 6. Nf3 Nf6 7. 0-0 Be7 8. Bxc6 Bxc6 9. Ne5 Rc8 10. d3 d4 11. e4 b5 12. Nd2 Bb7 13. Qe2 Qb6 14. Ndf3 h6 15. b4 0-0 16. bxc5 Bxc5 17. Kh1 Rfd8 18. g4 Bf8 19. g5 Nd7 20. Bxd4 Qc7 21. Rf2 Bc5 22. Bxc5 Qxc5 23. gxh6 gxh6 24. Rg2+ Kf8 25. Rag1 Ke7 26. Rg7 Qxc2 27. Rxf7+ Kd6 28. Qe3 Qc5 29. Qe1 Bc6 30. d4 Qa3 31. Qh4 Kc7 32. d5 exd5 33. Nd4 Kb6 34. Qf2 Qc5 35. Nd3 Qc3 36. Ne2+ 1-0

[Event "FIN-chT 1819"]
[Site "Finland"]
[Date "2019.04.06"]
[Round "10.8"]
[White "Vihinen, Teemu"]
[Black "Kivipelto, Kaj Erik"]
[Result "0-1"]
[WhiteElo "2167"]
[BlackElo "2135"]
[PlyCount "76"]
[EventDate "2018.09.15"]
[EventType "team-tourn"]
[EventRounds "11"]
[EventCountry "FIN"]
[SourceTitle "CBM 189 Extra"]
[Source "ChessBase"]
[SourceDate "2019.06.03"]
[SourceVersion "1"]
[SourceVersionDate "2019.06.03"]
[SourceQuality "1"]
[WhiteTeam "Vantaa EtVaS"]
[BlackTeam "Helsinki KS 58"]
[WhiteTeamCountry "FIN"]
[BlackTeamCountry "FIN"]

1. e4 c5 2. c3 d6 3. d4 Nf6 4. Bd3 g6 5. Nf3 Bg7 6. 0-0 0-0 7. Re1 Nc6 8. d5 Nb8 9. Bf4 Nbd7 10. Nbd2 Nh5 11. Bg5 Re8 12. a4 Qc7 13. Nc4 Nb6 14. Na3 e5 15. a5 Nd7 16. b4 Nf4 17. Bc2 h6 18. Bh4 g5 19. Bg3 a6 20. Ba4 Re7 21. Qb3 b5 22. axb6 Nxb6 23. Bc6 Rb8 24. bxc5 Nbxd5 25. Qd1 Qxc6 26. cxd6 Nxc3 27. Qd2 Rd7 28. Bxf4 gxf4 29. Rac1 Rb3 30. Nb1 Rxd6 31. Rxc3 Rxc3 32. Qxc3 Bb7 33. Qb2 f5 34. exf5 e4 35. Qb3+ Qd5 36. Qxd5+ Rxd5 37. Rxe4 Rd1+ 38. Re1 Bxf3 0-1

[Event "FIN-chT 1819"]
[Site "Finland"]
[Date "2018.12.09"]
[Round "6.5"]
[White "Nivala, Tuomas"]
[Black "Kivipelto, Kaj Erik"]
[Result "1/2-1/2"]
[WhiteElo "2183"]
[BlackElo "2135"]
[PlyCount "39"]
[EventDate "2018.09.15"]
[EventType "team-tourn"]
[EventRounds "11"]
[EventCountry "FIN"]
[SourceTitle "CBM 187 Extra"]
[Source "ChessBase"]
[SourceDate "2018.11.04"]
[SourceVersion "1"]
[SourceVersionDate "2018.11.04"]
[SourceQuality "1"]
[WhiteTeam "Jyvaskyla JyS"]
[BlackTeam "Helsinki KS 58"]
[WhiteTeamCountry "FIN"]
[BlackTeamCountry "FIN"]

1. e4 c5 2. Be2 Nc6 3. f4 g6 4. Nf3 Bg7 5. 0-0 d6 6. d3 e6 7. c3 Nge7 8. Na3 f5 9. Qe1 Rb8 10. Be3 b5 11. Bd1 0-0 12. Nc2 c4 13. Be2 b4 14. Nfd4 bxc3 15. bxc3 cxd3 16. Bxd3 Qa5 17. exf5 gxf5 18. Bd2 Rf6 19. Nb3 Qc7 20. Rf3 1/2-1/2

[Event "FIN-chT 1718"]
[Site "Finland"]
[Date "2018.03.11"]
[Round "11.5"]
[White "Jarvenpaa, Jari"]
[Black "Kivipelto, Kaj Erik"]
[Result "1/2-1/2"]
[WhiteElo "2273"]
[BlackElo "2146"]
[PlyCount "93"]
[EventDate "2017.09.16"]
[EventType "team-tourn"]
[EventRounds "11"]
[EventCountry "FIN"]
[SourceTitle "EXT 2019"]
[Source "ChessBase"]
[SourceDate "2018.10.10"]
[SourceVersion "1"]
[SourceVersionDate "2018.10.10"]
[SourceQuality "1"]
[WhiteTeam "Salo SalSK"]
[BlackTeam "Helsinki KS 58"]
[WhiteTeamCountry "FIN"]
[BlackTeamCountry "FIN"]

1. c4 g6 2. Nc3 Bg7 3. d4 Nf6 4. e4 0-0 5. Bd3 d6 6. Nge2 c5 7. d5 Na6 8. 0-0 Nc7 9. h3 b5 10. cxb5 a6 11. Ng3 axb5 12. Nxb5 Nxb5 13. Bxb5 Ba6 14. Bxa6 Rxa6 15. Bd2 Qa8 16. a3 Nd7 17. Qc2 Rb8 18. Bc3 Bxc3 19. Qxc3 Rab6 20. Ra2 Rb3 21. Qd2 Ne5 22. Rc1 Qb7 23. Rc2 Rd3 24. Qe2 Qb3 25. Ra1 Rd4 26. Kh2 Qa4 27. f4 Nd3 28. Rf1 Rb3 29. f5 Ne5 30. Rf2 Rdd3 31. Nf1 Qd4 32. fxg6 hxg6 33. Rf4 c4 34. Qf2 Qxf2 35. Rfxf2 c3 36. Rxc3 Rdxc3 37. bxc3 Rxa3 38. Rc2 Nc4 39. Rc1 Ra2 40. Kg1 Re2 41. Ng3 Rb2 42. Re1 Rc2 43. Ne2 Nd2 44. Kh2 Kg7 45. Kg1 Kf6 46. Nd4 Rxc3 47. Re2 1/2-1/2

[Event "FIN-chT 1718"]
[Site "Finland"]
[Date "2017.12.03"]
[Round "6.7"]
[White "Anttila, Perttu"]
[Black "Kivipelto, Kaj Erik"]
[Result "1-0"]
[WhiteElo "2200"]
[BlackElo "2146"]
[PlyCount "69"]
[EventDate "2017.09.16"]
[EventType "team-tourn"]
[EventRounds "11"]
[EventCountry "FIN"]
[SourceTitle "EXT 2019"]
[Source "ChessBase"]
[SourceDate "2018.10.10"]
[SourceVersion "1"]
[SourceVersionDate "2018.10.10"]
[SourceQuality "1"]
[WhiteTeam "Vantaa EtVaS"]
[BlackTeam "Helsinki KS 58"]
[WhiteTeamCountry "FIN"]
[BlackTeamCountry "FIN"]

1. d4 Nf6 2. Bg5 Ne4 3. Bf4 d6 4. f3 Nf6 5. e4 g6 6. Qd2 Bg7 7. Bh6 Bxh6 8. Qxh6 c5 9. dxc5 Qa5+ 10. Nc3 Qxc5 11. 0-0-0 a6 12. Nge2 Nc6 13. Nd5 Nxd5 14. exd5 Bf5 15. Nc3 Ne5 16. g4 Bd7 17. Be2 0-0-0 18. Qd2 f5 19. g5 h6 20. f4 Nc4 21. Bxc4 Qxc4 22. h4 hxg5 23. hxg5 Rxh1 24. Rxh1 e5 25. dxe6 Bxe6 26. b3 Qc6 27. Rh6 Bf7 28. Qd4 Kb8 29. Qf6 Rc8 30. Kb2 Qc5 31. Rh3 Rc7 32. Rh7 Be8 33. Rxc7 Kxc7 34. Qe7+ Bd7 35. Qf7 1-0

[Event "FIN-chT 1718"]
[Site "Finland"]
[Date "2017.10.22"]
[Round "4.6"]
[White "Kivipelto, Kaj Erik"]
[Black "Wikman, Jimmy"]
[Result "1/2-1/2"]
[WhiteElo "2146"]
[BlackElo "2121"]
[PlyCount "55"]
[EventDate "2017.09.16"]
[EventType "team-tourn"]
[EventRounds "11"]
[EventCountry "FIN"]
[SourceTitle "EXT 2019"]
[Source "ChessBase"]
[SourceDate "2018.10.10"]
[SourceVersion "1"]
[SourceVersionDate "2018.10.10"]
[SourceQuality "1"]
[WhiteTeam "Helsinki KS 58"]
[BlackTeam "Karjaa KarjUra"]
[WhiteTeamCountry "FIN"]
[BlackTeamCountry "FIN"]

1. c4 c5 2. Nc3 Nc6 3. g3 e5 4. Bg2 Nf6 5. d3 h6 6. Nf3 Be7 7. 0-0 0-0 8. Bd2 Rb8 9. a3 Re8 10. Rb1 a5 11. Ne1 Nd4 12. Nd5 d6 13. e3 Ne6 14. b4 axb4 15. axb4 Nxd5 16. cxd5 Nc7 17. f4 b5 18. fxe5 dxe5 19. e4 f6 20. Qh5 Kh7 21. Nf3 Rg8 22. Nxe5 fxe5 23. Rf7 Rb6 24. Qxe5 Bd6 25. Qh5 Be7 26. Qe5 Bd6 27. Qh5 Be7 28. Qe5 1/2-1/2

[Event "FIN-chT1A 1516"]
[Site "Finland"]
[Date "2016.02.06"]
[Round "6.4"]
[White "Kivipelto, Kaj Erik"]
[Black "Linqvist, Grels"]
[Result "1/2-1/2"]
[WhiteElo "2159"]
[BlackElo "2014"]
[PlyCount "36"]
[EventDate "2015.09.12"]
[EventType "team-tourn"]
[EventRounds "8"]
[EventCountry "FIN"]
[SourceTitle "EXT 2017"]
[Source "ChessBase"]
[SourceDate "2016.10.25"]
[SourceVersion "1"]
[SourceVersionDate "2016.10.25"]
[SourceQuality "1"]
[WhiteTeam "Helsinki KS 58"]
[BlackTeam "Vaasa VSS"]
[WhiteTeamCountry "FIN"]
[BlackTeamCountry "FIN"]

1. e4 e6 2. d3 d5 3. Nd2 Nf6 4. Ngf3 Nc6 5. Be2 Bd6 6. 0-0 0-0 7. Re1 a5 8. Bf1 dxe4 9. dxe4 e5 10. h3 Bc5 11. c3 Be6 12. Qc2 Qe7 13. Nc4 Nd7 14. Be3 Rfd8 15. Bxc5 Qxc5 16. Ne3 f6 17. a4 Nb6 18. b3 Rd7 1/2-1/2

[Event "FIN-chT1A 1415"]
[Site "Finland"]
[Date "2015.03.14"]
[Round "7.6"]
[White "Johansson, Jukka"]
[Black "Kivipelto, Kaj Erik"]
[Result "0-1"]
[WhiteElo "2099"]
[BlackElo "2136"]
[PlyCount "76"]
[EventDate "2014.09.27"]
[EventType "team-tourn"]
[EventRounds "7"]
[EventCountry "FIN"]
[SourceTitle "EXT 2017"]
[Source "ChessBase"]
[SourceDate "2016.10.25"]
[SourceVersion "1"]
[SourceVersionDate "2016.10.25"]
[SourceQuality "1"]
[WhiteTeam "Helsinki Garde"]
[BlackTeam "Helsinki KS 58"]
[WhiteTeamCountry "FIN"]
[BlackTeamCountry "FIN"]

1. d4 Nf6 2. c4 c5 3. d5 b5 4. cxb5 a6 5. bxa6 Bxa6 6. Nc3 d6 7. e4 Bxf1 8. Kxf1 g6 9. g3 Bg7 10. Kg2 0-0 11. Nf3 Nbd7 12. a4 Qc7 13. Qe2 Rfb8 14. Nb5 Qb7 15. Ra3 Nb6 16. Nc3 Ra5 17. Bd2 Qa6 18. b3 Qxe2 19. Nxe2 Ra6 20. Nc3 Nbd7 21. Re1 Ng4 22. Rb1 Rb4 23. Ne1 Bxc3 24. Bxc3 Rxe4 25. f3 Ne3+ 26. Kf2 Nxd5 27. fxe4 Nxc3 28. Rc1 Nxe4+ 29. Ke3 f5 30. Nd3 Ndf6 31. Kf3 Nd5 32. Nf2 Nef6 33. Ra2 e5 34. Nd1 e4+ 35. Ke2 Kf7 36. a5 Nb4 37. Ra4 Nc6 38. Rca1 Nd5 0-1

[Event "Helsinki-ch 2015"]
[Site "Helsinki"]
[Date "2015.01.04"]
[Round "7.2"]
[White "Kivipelto, Kaj Erik"]
[Black "Elomaa, Arto"]
[Result "0-1"]
[WhiteElo "2132"]
[BlackElo "2151"]
[PlyCount "78"]
[EventDate "2014.12.29"]
[EventType "swiss"]
[EventRounds "7"]
[EventCountry "FIN"]
[SourceTitle "EXT 2022"]
[Source "ChessBase"]
[SourceDate "2021.10.06"]
[SourceVersion "1"]
[SourceVersionDate "2021.10.06"]
[SourceQuality "1"]

1. c4 e6 2. d4 d5 3. Nc3 Be7 4. g3 Nf6 5. Bg2 0-0 6. Nf3 dxc4 7. Qa4 a6 8. Qxc4 b5 9. Qd3 Bb7 10. a3 c5 11. 0-0 Nbd7 12. e4 b4 13. e5 bxc3 14. exf6 Bxf6 15. bxc3 cxd4 16. cxd4 Bd5 17. Bf4 Qa5 18. Rfc1 Rfc8 19. a4 Rxc1+ 20. Rxc1 Qxa4 21. Ng5 Bxg5 22. Bxg5 Bxg2 23. Kxg2 Qa5 24. Qf3 Qd5 25. Qxd5 exd5 26. Rc7 Nf8 27. Rc5 Ne6 28. Rxd5 Nxg5 29. Rxg5 a5 30. Rc5 a4 31. Rc2 a3 32. Ra2 Kf8 33. Kf1 Ke7 34. Ke1 Ke6 35. Kd2 Kd5 36. Kc3 Ra4 37. Kb3 Ra6 38. Kc3 g5 39. g4 Rf6 0-1

[Event "Helsinki-ch 2015"]
[Site "Helsinki"]
[Date "2014.12.30"]
[Round "3.2"]
[White "Kivipelto, Kaj Erik"]
[Black "Kekki, Jorma J"]
[Result "1/2-1/2"]
[WhiteElo "2132"]
[BlackElo "2057"]
[PlyCount "26"]
[EventDate "2014.12.29"]
[EventType "swiss"]
[EventRounds "7"]
[EventCountry "FIN"]
[SourceTitle "EXT 2022"]
[Source "ChessBase"]
[SourceDate "2021.10.06"]
[SourceVersion "1"]
[SourceVersionDate "2021.10.06"]
[SourceQuality "1"]

1. d4 e6 2. c4 d5 3. Nf3 Nf6 4. Bg5 Be7 5. e3 0-0 6. Nc3 h6 7. Bxf6 Bxf6 8. Bd3 dxc4 9. Bxc4 c5 10. Ne4 cxd4 11. Nxf6+ Qxf6 12. Qxd4 Qxd4 13. Nxd4 a6 1/2-1/2

[Event "FIN-ch op"]
[Site "Helsinki"]
[Date "2014.??.??"]
[Round "9"]
[White "Kivipelto, Kaj Erik"]
[Black "Kokkala, Janne"]
[Result "1-0"]
[WhiteElo "2109"]
[BlackElo "1937"]
[PlyCount "45"]
[EventDate "2014.06.??"]
[EventType "swiss"]
[EventRounds "9"]
[EventCountry "FIN"]
[SourceTitle "EXT 2017"]
[Source "ChessBase"]
[SourceDate "2016.10.25"]
[SourceVersion "1"]
[SourceVersionDate "2016.10.25"]
[SourceQuality "1"]

1. d4 d5 2. c4 c6 3. Nc3 Nf6 4. Nf3 dxc4 5. e3 b5 6. a4 Bd7 7. Ne5 Qb6 8. Qf3 b4 9. Nxc4 Qc7 10. Ne4 Nxe4 11. Qxe4 g6 12. Bd2 a5 13. Rc1 Bg7 14. Be2 Bf5 15. Qf3 0-0 16. e4 Bd7 17. Be3 Na6 18. 0-0 c5 19. dxc5 Rab8 20. Nb6 Bxb2 21. Bxa6 Bxc1 22. Rxc1 Bc6 23. Bf4 1-0

[Event "FIN-ch op"]
[Site "Helsinki"]
[Date "2014.??.??"]
[Round "5"]
[White "Kivipelto, Kaj Erik"]
[Black "Terasalo, Kari"]
[Result "1-0"]
[WhiteElo "2109"]
[BlackElo "1792"]
[PlyCount "97"]
[EventDate "2014.06.??"]
[EventType "swiss"]
[EventRounds "9"]
[EventCountry "FIN"]
[SourceTitle "EXT 2017"]
[Source "ChessBase"]
[SourceDate "2016.10.25"]
[SourceVersion "1"]
[SourceVersionDate "2016.10.25"]
[SourceQuality "1"]

1. d4 Nf6 2. Nf3 e6 3. c4 d5 4. Nc3 Be7 5. Bf4 a6 6. e3 0-0 7. Bd3 dxc4 8. Bxc4 c5 9. 0-0 Nd5 10. Bxd5 exd5 11. dxc5 Be6 12. b4 Nc6 13. a3 Bf6 14. Nd4 Bxd4 15. exd4 Qf6 16. Be3 Qg6 17. Ne2 Rae8 18. Qd2 Ne7 19. Nf4 Qf5 20. f3 h6 21. Rfe1 g5 22. Nxe6 fxe6 23. Bf2 Ng6 24. Bg3 Rf7 25. Re3 Rg7 26. Rae1 Nh4 27. Re5 Qxf3 28. R5e3 Qf7 29. Be5 Rg6 30. Rf1 Qd7 31. Qd3 Qh7 32. Bg3 Rg7 33. Qe2 Rg6 34. a4 Qd7 35. b5 axb5 36. axb5 Rg7 37. Bxh4 gxh4 38. Rf6 h3 39. Rxh3 Ra8 40. Rhxh6 Ra1+ 41. Rf1 Rxf1+ 42. Kxf1 Qf7+ 43. Kg1 Rg6 44. Rxg6+ Qxg6 45. h3 Qb1+ 46. Kh2 Kf7 47. b6 Qc1 48. Qe5 Qc4 49. c6 1-0

[Event "FIN-ch op"]
[Site "Helsinki"]
[Date "2014.??.??"]
[Round "4"]
[White "Virtanen, Teemu"]
[Black "Kivipelto, Kaj Erik"]
[Result "1/2-1/2"]
[WhiteElo "1944"]
[BlackElo "2109"]
[PlyCount "81"]
[EventDate "2014.06.??"]
[EventType "swiss"]
[EventRounds "9"]
[EventCountry "FIN"]
[SourceTitle "EXT 2017"]
[Source "ChessBase"]
[SourceDate "2016.10.25"]
[SourceVersion "1"]
[SourceVersionDate "2016.10.25"]
[SourceQuality "1"]

1. c4 Nf6 2. g3 g6 3. Bg2 Bg7 4. Nc3 0-0 5. d4 d6 6. e3 c5 7. Nge2 Nc6 8. 0-0 Bf5 9. a3 Qc8 10. Re1 Rb8 11. b3 a6 12. Bb2 b5 13. cxb5 axb5 14. Rc1 c4 15. b4 e5 16. Nxb5 Rxb5 17. Rxc4 d5 18. Rc5 Rxc5 19. dxc5 Rd8 20. Qa1 Ne4 21. f3 Nd2 22. Qc1 Nc4 23. e4 Nxb2 24. Qxb2 dxe4 25. fxe4 Bh3 26. Nc3 Bxg2 27. Kxg2 Rd3 28. Nd5 Qg4 29. b5 Qf3+ 30. Kh3 Qh5+ 31. Kg2 Qf3+ 32. Kh3 Rb3 33. Qxb3 Qxb3 34. bxc6 Qa4 35. Rb1 Bf8 36. Rb8 Kg7 37. c7 Qd1 38. Rb2 Qf1+ 39. Rg2 Qf3 40. Rb2 Qf1+ 41. Rg2 1/2-1/2

[Event "FIN-chT1 East 1314"]
[Site "Finland"]
[Date "2013.11.02"]
[Round "3.3"]
[White "Kivipelto, Kaj Erik"]
[Black "Varpanen, Jan"]
[Result "0-1"]
[WhiteElo "2130"]
[BlackElo "1865"]
[PlyCount "82"]
[EventDate "2013.09.21"]
[EventType "team-tourn"]
[EventRounds "9"]
[EventCountry "FIN"]
[SourceTitle "EXT 2022"]
[Source "ChessBase"]
[SourceDate "2021.10.06"]
[SourceVersion "1"]
[SourceVersionDate "2021.10.06"]
[SourceQuality "1"]
[WhiteTeam "Helsinki KS 58"]
[BlackTeam "Helsinki HSK II"]
[WhiteTeamCountry "FIN"]
[BlackTeamCountry "FIN"]

1. Nf3 Nf6 2. g3 g6 3. b4 Bg7 4. Bb2 0-0 5. Bg2 c6 6. 0-0 a5 7. a3 axb4 8. axb4 Rxa1 9. Bxa1 Na6 10. c3 d6 11. d3 h6 12. Nbd2 Nd5 13. Qc2 Bd7 14. e4 Nb6 15. Re1 Qc7 16. Bb2 c5 17. bxc5 Nxc5 18. e5 dxe5 19. c4 Ba4 20. Qb1 Nbd7 21. d4 exd4 22. Rxe7 Qd6 23. Re1 Bc6 24. Ba3 Ra8 25. Bb4 d3 26. Nb3 Ra4 27. Nxc5 Nxc5 28. Bxc5 Qxc5 29. Qxd3 Rxc4 30. Nd2 Bd4 31. Bxc6 Bxf2+ 32. Kg2 Bxe1 33. Nxc4 Qxc6+ 34. Kh3 b5 35. Qd8+ Kg7 36. Nd6 Bc3 37. Qe7 Qf3 38. Ne8+ Kg8 39. Nd6 Qf1+ 40. Kg4 h5+ 41. Kg5 Bd2+ 0-1

[Event "EU-chT Seniors 15th"]
[Site "Dresden"]
[Date "2013.07.22"]
[Round "3"]
[White "Kivipelto, Kaj Erik"]
[Black "Haubt, Georg"]
[Result "1/2-1/2"]
[WhiteElo "2186"]
[BlackElo "2239"]
[PlyCount "103"]
[EventDate "2013.07.20"]
[EventType "team-swiss"]
[EventRounds "9"]
[EventCountry "GER"]
[SourceTitle "CBM 155 Extra"]
[Source "ChessBase"]
[SourceDate "2013.08.26"]
[SourceVersion "1"]
[SourceVersionDate "2013.08.26"]
[SourceQuality "1"]
[WhiteTeam "Finland"]
[BlackTeam "Hessen"]
[WhiteTeamCountry "FIN"]
[BlackTeamCountry "GER"]

1. Nf3 d5 2. g3 Nc6 3. c4 dxc4 4. Qa4 Nf6 5. Qxc4 e5 6. d3 Bb4+ 7. Bd2 Bxd2+ 8. Nbxd2 0-0 9. Bg2 Be6 10. Qc1 Qd7 11. 0-0 Bh3 12. Re1 Bxg2 13. Kxg2 Rfe8 14. Qc4 Rac8 15. Rad1 Nd4 16. Ne4 Nd5 17. Nc5 Qc6 18. Ne4 Nc2 19. Qxc6 Nxe1+ 20. Rxe1 bxc6 21. Rc1 Rb8 22. b3 Rb6 23. Nc5 f6 24. Nd2 Ne7 25. Na4 Rbb8 26. Nc4 Red8 27. Na5 Rd6 28. Nc5 Kf7 29. Ne4 Rd7 30. Nxc6 Nxc6 31. Rxc6 Rb6 32. Rc4 Ke7 33. b4 f5 34. Nc3 Ra6 35. a4 Kd8 36. b5 Re6 37. Rc5 g6 38. Nd5 e4 39. d4 Red6 40. Nb4 Rxd4 41. Nc6+ Kc8 42. Nxd4 Rxd4 43. a5 Kd7 44. f3 Ra4 45. a6 exf3+ 46. Kxf3 Re4 47. h4 Re6 48. h5 Rb6 49. hxg6 hxg6 50. e4 Kd6 51. Rd5+ Ke6 52. Rc5 1/2-1/2

[Event "Heart of Finland op 23rd"]
[Site "Jyvaskyla"]
[Date "2013.07.13"]
[Round "8"]
[White "Kivipelto, Kaj Erik"]
[Black "Chernyak, Viktoria"]
[Result "1/2-1/2"]
[WhiteElo "2177"]
[BlackElo "1964"]
[PlyCount "29"]
[EventDate "2013.07.08"]
[EventType "swiss"]
[EventRounds "9"]
[EventCountry "FIN"]
[SourceTitle "EXT 2022"]
[Source "ChessBase"]
[SourceDate "2021.10.06"]
[SourceVersion "1"]
[SourceVersionDate "2021.10.06"]
[SourceQuality "1"]

1. Nf3 Nf6 2. g3 g6 3. b4 Bg7 4. Bb2 0-0 5. c4 b6 6. Bg2 Bb7 7. 0-0 c5 8. bxc5 bxc5 9. d3 d6 10. Nc3 Nbd7 11. e4 Rb8 12. Rb1 a6 13. Qd2 e5 14. Nh4 Qc7 15. Rfe1 1/2-1/2